US States - Statistics

General Stats
  • This quiz has been taken 9 times
  • The average score is 3 of 5
Answer Stats
Question Answer % Correct
Alaska 1959
83%
Ohio 1803
67%
Florida 1845
67%
West Virginia 1863
67%
Delaware 1787
50%
No matching quizzes found
Score Distribution
Percent of People with Each Score
Percentile by Number Answered
Your Score History
You have not taken this quiz